MEETING THE ETHICAL CHALLENGES OF LEADER (Record no. 13456)
[ view plain ]
| 000 -LEADER | |
|---|---|
| fixed length control field | 00355nam a2200145Ia 4500 |
| 008 - FIXED-LENGTH DATA ELEMENTS--GENERAL INFORMATION | |
| fixed length control field | 240624s9999 xx 000 0 und d |
| 041 ## - LANGUAGE CODE | |
| Language code of text/sound track or separate title | eng |
| 082 ## - DEWEY DECIMAL CLASSIFICATION NUMBER | |
| Classification number | 303.3 JOH |
| 100 ## - MAIN ENTRY--PERSONAL NAME | |
| Personal name | JOHNSON CRAIG E |
| 245 ## - TITLE STATEMENT | |
| Title | MEETING THE ETHICAL CHALLENGES OF LEADER |
| 250 ## - EDITION STATEMENT | |
| Edition statement | (3rd ed.) |
| 260 ## - PUBLICATION, DISTRIBUTION, ETC. | |
| Date of publication, distribution, etc. | 2008 |
| Name of publisher, distributor, etc. | Sage Publications |
| 300 ## - PHYSICAL DESCRIPTION | |
| Extent | 400 : p. |
| 365 ## - TRADE PRICE | |
| Currency code | |
| Price amount | 30 |
| Withdrawn status | Lost status | Damaged status | Not for loan | Home library | Current library | Shelving location | Date acquired | Source of acquisition | Cost, normal purchase price | Total Holds | Full call number | Barcode | Date last seen | Copy number | Price effective from | Koha item type |
|---|---|---|---|---|---|---|---|---|---|---|---|---|---|---|---|---|
| IMTN | IMTN | Rack 6-B | 07/09/2009 | ABPL | 53.95 | 381 | 303.3 JOH | 13456 | 06/24/2024 | 50.4 | 06/24/2024 | Books |